Statistics for My Little Pony Tile Select Quiz

Click here to take the quiz!

General Stats

  • This quiz has been taken 113 times
  • The average score is 37 of 45

Answer Stats

QuestionTileSelect% Correct
Which of these ponies are part of the mane six?No
100%
Which of these ponies are part of the mane six?No
99%
Which of these ponies are part of the mane six?No
98%
Which of these ponies are part of the mane six?No
98%
Which of these ponies are part of the mane six?Yes
98%
Which of these ponies are part of the mane six?Yes
97%
Which of these ponies are part of the mane six?Yes
97%
Which of these are the elements of harmony?HonestyYes
96%
Which of these are characters in My Little Pony: Friendship is Magic?LitaNo
96%
Which of these are real cutie marks?Yes
95%
Which of these are real cutie marks?No
95%
Which of these ponies are part of the mane six?Yes
95%
Which of these are real cutie marks?No
94%
Which of these ponies are part of the mane six?No
94%
Which of these are the elements of harmony?JovialityNo
94%
Which of these are characters in My Little Pony: Friendship is Magic?MaryseNo
94%
Which of these are characters in My Little Pony: Friendship is Magic?Princess VictoriaNo
94%
Which of these are the elements of harmony?WizardryNo
94%
Which of these are the elements of harmony?LoyaltyYes
92%
Which of these are real songs in My Little Pony: Friendship is Magic?"Ob-La-Di, Ob-La-Da"No
92%
Which of these are characters in My Little Pony: Friendship is Magic?RarityYes
92%
Which of these are real cutie marks?No
91%
Which of these are real cutie marks?No
90%
Which of these are the elements of harmony?HospitalityNo
90%
Which of these are real songs in My Little Pony: Friendship is Magic?"Over the Hills and Far Away"No
90%
Which of these are the elements of harmony?GenerosityYes
89%
Which of these are real cutie marks?Yes
87%
Which of these are the elements of harmony?TrustworthynessNo
87%
Which of these are the elements of harmony?LaughterYes
85%
Which of these are real cutie marks?No
84%
Which of these are real cutie marks?Yes
83%
Which of these are the elements of harmony?EmpathyNo
83%
Which of these are characters in My Little Pony: Friendship is Magic?SableNo
76%
Which of these are real songs in My Little Pony: Friendship is Magic?"Babs Seed"Yes
74%
Which of these are characters in My Little Pony: Friendship is Magic?SunnyNo
69%
Which of these are real songs in My Little Pony: Friendship is Magic?"Raise This Barn"Yes
68%
Which of these are real songs in My Little Pony: Friendship is Magic?"Life in Equestria"Yes
56%
Which of these are characters in My Little Pony: Friendship is Magic?SmolderYes
55%
Which of these are real cutie marks?Yes
49%
Which of these are characters in My Little Pony: Friendship is Magic?TwistYes
49%
Which of these are characters in My Little Pony: Friendship is Magic?YonaYes
48%
Which of these are real songs in My Little Pony: Friendship is Magic?"Friendship Through the Ages"No
47%
Which of these are real songs in My Little Pony: Friendship is Magic?"Shake Your Tail"No
43%
Which of these are real songs in My Little Pony: Friendship is Magic?"Rainbow Rocks"No
37%
Which of these are real songs in My Little Pony: Friendship is Magic?"Flawless"Yes
33%

Score Distribution

Percentile by Number Answered

Percent of People with Each Score

Your Score History

You have not taken this quiz